000 01007nam0a22002771 4500
001 rc\27136
005 20021216123812.2
010 _a5-648-01272-1
_9500
035 _a(NLR Aleph) 005313597
090 _a6412217
_c6412217
100 _a20021216d1991 u |0rusy50 ca
101 0 _arus
102 _aRU
105 _aa |||||||||
200 1 _aПалеозойская геодинамика Кызылкумов
_fП.А. Мухин, Х.К. Каримов, Ю.С. Савчук
_gСреднеаз. ин-т геологии и минер. сырья
210 _aТашкент
_cФан
_d1991
215 _a146, [2] с.
_cил.
_d22
320 _aБиблиогр.: с. 139-144
700 1 _aМухин
_bП. А.
_gПавел Анисимович
701 1 _aКаримов
_bХ. К.
_gХалмурад Каримович
701 1 _aСавчук
_bЮ. С.
_gЮрий Степанович
801 0 _aRU
_bNLR
_gpsbo
801 1 _aRU
_bELAR
_2rusmarc
852 _aNLR
_j91-5/5971
942 _cBOOK
980 _aNB